[Event "Nordnorsk mesterskap i Tromsø 2026"]
[Site "Sparebanken Nordnorge festsal"]
[Date "2026.05.24"]
[Round "5"]
[White "Wilhelmsen, Vegard"]
[Black "Jakobsen, Øivind"]
[Result "1/2-1/2"]
[WhiteElo "1806"]
[BlackElo "1733"]
[PlyCount "81"]
[EventDate "2026.??.??"]

1. d4 Nf6 2. Bf4 d5 3. Nf3 c5 4. e3 e6 5. Nbd2 Qb6 6. Rb1 Bd7 7. c3 Bb5 8. Ne5
Bxf1 9. Nxf1 Nbd7 10. h4 Rc8 11. h5 a5 12. Nd2 cxd4 13. exd4 Qa6 14. a4 Nxe5
15. dxe5 Nd7 16. Nb3 Qc4 17. Rh4 Nxe5 18. Nxa5 Nd3+ 19. Kd2 Qa6 20. Be3 Ne5 21.
Bd4 Be7 22. Rh3 Bf6 23. Qe2 Nc4+ 24. Nxc4 Bxd4 25. Na3 Bf6 26. Nb5 Ke7 27. Ra1
Rc4 28. Qd1 Rhc8 29. Kc2 Rxa4 30. Na3 Rf4 31. f3 Qa4+ 32. Kc1 Bxc3 33. Qxa4
Rxa4 34. bxc3 Rxc3+ 35. Kb2 Re3 36. Rg3 b5 37. Rxg7 Re2+ 38. Kb3 Re3+ 39. Kb2
Re2+ 40. Kb3 Re3+ 41. Kb2 1/2-1/2

[Event "Nordnorsk mesterskap i Tromsø 2026"]
[Site "Sparebanken Nordnorge festsal"]
[Date "2026.05.24"]
[Round "5"]
[White "Granmo, Gisle J."]
[Black "Olsen, Preben J."]
[Result "0-1"]
[WhiteElo "1664"]
[BlackElo "1769"]
[PlyCount "110"]
[EventDate "2026.??.??"]

1. e4 c6 2. d4 d5 3. exd5 cxd5 4. c4 Nf6 5. Nc3 Nc6 6. Nf3 Bg4 7. cxd5 Nxd5 8.
Qb3 Bxf3 9. gxf3 e6 10. Qxb7 Nxd4 11. Bb5+ Nxb5 12. Qc6+ Ke7 13. Qxb5 Qd7 14.
Nxd5+ Qxd5 15. Qxd5 exd5 16. O-O Ke6 17. Re1+ Kf5 18. Be3 Be7 19. Rad1 Rhd8 20.
Rd4 g5 21. Red1 Ke6 22. Re1 Kf5 23. Ra4 Rd7 24. Kg2 Bf6 25. Bd4 Rc8 26. Bxf6
Kxf6 27. Rd1 Rc5 28. Rd2 a5 29. Kg3 Rb7 30. b3 Rb4 31. Rxb4 axb4 32. Kg4 Kg6
33. h3 f5+ 34. Kg3 f4+ 35. Kg2 Kf5 36. Kf1 Ke5 37. Ke2 d4 38. Kd1 Rc3 39. Ke2
Rc1 40. Kd3 Rc3+ 41. Ke2 h5 42. Rd3 Rc1 43. Rd2 Kd5 44. Kd3 Rh1 45. Re2 Rxh3
46. Re8 Rxf3+ 47. Ke2 Rc3 48. Rg8 Rc2+ 49. Kd3 Rc3+ 50. Kd2 g4 51. Rg5+ Ke4 52.
Rxh5 Kf3 53. Rd5 d3 54. Rd4 Rc2+ 55. Kxd3 Rxf2 0-1

[Event "Nordnorsk mesterskap i Tromsø 2026"]
[Site "Sparebanken Nordnorge festsal"]
[Date "2026.05.24"]
[Round "5"]
[White "Wilhelmsen, Jim L."]
[Black "Bakke, Oskar P."]
[Result "0-1"]
[WhiteElo "1702"]
[BlackElo "1761"]
[PlyCount "82"]
[EventDate "2026.??.??"]

1. d4 Nf6 2. Bf4 c5 3. dxc5 Nc6 4. Nc3 e5 5. Bg5 Qa5 6. Bxf6 gxf6 7. a3 Bxc5 8.
e3 Be7 9. Bc4 e4 10. Qd5 Qxd5 11. Nxd5 Bd8 12. O-O-O d6 13. Ne2 Be6 14. Nef4
Rc8 15. Rd2 Kf8 16. Ba2 Ne7 17. Nxe6+ fxe6 18. Nxf6 d5 19. Nd7+ Kf7 20. Ne5+
Kf6 21. f4 exf3 22. Nxf3 Nf5 23. Re2 Bb6 24. Nd4 Bxd4 25. exd4 Nxd4 26. Rf2+
Ke7 27. c3 Nc6 28. Re2 Kd6 29. Kd2 Rhf8 30. Rhe1 Rf6 31. b4 Rcf8 32. c4 Nd4 33.
c5+ Kd7 34. Kd1 Nxe2 35. Rxe2 Rf1+ 36. Kd2 R8f2 37. Bb3 Rxe2+ 38. Kxe2 Rb1 39.
Ba4+ Ke7 40. b5 Ra1 41. c6 bxc6 0-1

[Event "Nordnorsk mesterskap i Tromsø 2026"]
[Site "Sparebanken Nordnorge festsal"]
[Date "2026.05.24"]
[Round "5"]
[White "Calore, Elias"]
[Black "Mikkelsen, Sigve A."]
[Result "0-1"]
[WhiteElo "1689"]
[BlackElo "1699"]
[PlyCount "103"]
[EventDate "2026.??.??"]

1. b3 Nf6 2. Bb2 d5 3. Nf3 c5 4. e3 Bf5 5. Bb5+ Nc6 6. Ne5 Qc7 7. O-O e6 8. d4
Bd6 9. f4 a6 10. Be2 cxd4 11. exd4 h6 12. c4 dxc4 13. bxc4 O-O 14. Bd3 Qb6 15.
Qb3 Qxb3 16. axb3 Bxd3 17. Nxd3 Rad8 18. Ne5 Nb4 19. Nd2 Bxe5 20. fxe5 Ng4 21.
Ba3 a5 22. Bxb4 axb4 23. Rf4 Nxe5 24. dxe5 Rxd2 25. Rf2 Rd4 26. Ra5 Rd1+ 27.
Rf1 Rd2 28. Rb5 Ra8 29. Rxb7 Raa2 30. Rfxf7 Rxg2+ 31. Kf1 Rxh2 32. Rxg7+ Kh8
33. Kg1 Rhb2 34. Rh7+ Kg8 35. Rbg7+ Kf8 36. Kh1 Ra1+ 37. Rg1 Rxg1+ 38. Kxg1
Rxb3 39. Rxh6 Ke7 40. Rh7+ Ke8 41. Kf2 Rc3 42. Ke2 Rxc4 43. Kd3 Rc5 44. Kd4 Rb5
45. Rh5 b3 46. Rh1 b2 47. Rb1 Kd7 48. Kc3 Kc6 49. Kc4 Rb6 50. Kd3 Kd5 51. Ke3
Kxe5 52. Rxb2 0-1

[Event "Nordnorsk mesterskap i Tromsø 2026"]
[Site "Sparebanken Nordnorge festsal"]
[Date "2026.05.24"]
[Round "5"]
[White "Hansen, Ola"]
[Black "Melå, Ronny S."]
[Result "1/2-1/2"]
[WhiteElo "1667"]
[BlackElo "1673"]
[PlyCount "43"]
[EventDate "2026.??.??"]

1. e4 c5 2. Nc3 a6 3. g3 b6 4. Bg2 Bb7 5. Nf3 Nf6 6. d3 d6 7. O-O e6 8. Re1
Nbd7 9. e5 dxe5 10. Nxe5 Bxg2 11. Kxg2 Nxe5 12. Rxe5 Bd6 13. Re1 O-O 14. Qf3
Qc7 15. Ne4 Nxe4 16. Qxe4 Rac8 17. c3 Qc6 18. Qxc6 Rxc6 19. Be3 Be7 20. d4 cxd4
21. Bxd4 Bc5 22. Bxc5 1/2-1/2

[Event "Nordnorsk mesterskap i Tromsø 2026"]
[Site "Sparebanken Nordnorge festsal"]
[Date "2026.05.25"]
[Round "6"]
[White "Ovesen, William"]
[Black "Wilhelmsen, Vegard"]
[Result "1/2-1/2"]
[WhiteElo "1868"]
[BlackElo "1806"]
[PlyCount "123"]
[EventDate "2026.??.??"]

1. e4 e6 2. d4 d5 3. e5 c5 4. c3 Qb6 5. Nf3 Bd7 6. Bd3 Bb5 7. dxc5 Bxc5 8. b4
Bxd3 9. Qxd3 Bf8 10. a4 a6 11. O-O Nd7 12. Nbd2 Ne7 13. Re1 Nc6 14. Nb3 Be7 15.
Bf4 O-O 16. h4 Rfc8 17. g3 Bxb4 18. cxb4 Nxb4 19. Qd4 Nc2 20. Qxb6 Nxb6 21.
Rec1 Nxa1 22. Rxa1 Nc4 23. Nfd4 Kf8 24. Nd2 Ke7 25. Rb1 Rab8 26. Nxc4 Rxc4 27.
Be3 Rxa4 28. Nc6+ bxc6 29. Bc5+ Kd7 30. Rxb8 Ra5 31. Bd6 c5 32. Rb7+ Kc6 33.
Rc7+ Kb6 34. Rxf7 Kb5 35. Kf1 d4 36. Ke2 Kc4 37. Rc7 Ra2+ 38. Kf3 Ra5 39. Ke4
d3 40. Ke3 Rb5 41. Ra7 Rb1 42. Rxa6 Re1+ 43. Kd2 Re2+ 44. Kd1 Rxf2 45. Rc6 Rf1+
46. Kd2 Rf2+ 47. Ke1 d2+ 48. Kxf2 d1=Q 49. Rxc5+ Kd3 50. Kg2 Qe2+ 51. Kh3 Qf1+
52. Kh2 Qf2+ 53. Kh3 h5 54. Ra5 Qg1 55. Ra3+ Ke4 56. Ra4+ Kf5 57. Ra2 Qh1+ 58.
Rh2 Qf1+ 59. Rg2 Qh1+ 60. Rh2 Qf1+ 61. Rg2 Qh1+ 62. Rh2 1/2-1/2

[Event "Nordnorsk mesterskap i Tromsø 2026"]
[Site "Sparebanken Nordnorge festsal"]
[Date "2026.05.25"]
[Round "6"]
[White "Sørensen, Olav N."]
[Black "Jakobsen, Øivind"]
[Result "1/2-1/2"]
[WhiteElo "1812"]
[BlackElo "1733"]
[PlyCount "64"]
[EventDate "2026.??.??"]

1. e4 e6 2. d4 d5 3. e5 c5 4. c3 Nc6 5. Nf3 Qb6 6. Bd3 Bd7 7. dxc5 Bxc5 8. O-O
Nh6 9. Nbd2 Ng4 10. Qe2 Qc7 11. Nb3 Bxf2+ 12. Rxf2 Nxf2 13. Kxf2 O-O-O 14. Nbd4
f6 15. Nb5 Qb6+ 16. Be3 d4 17. cxd4 Nb4 18. Nd6+ Kb8 19. Nf7 Nxd3+ 20. Qxd3
Qxb2+ 21. Nd2 Qxa1 22. Qa3 Bc8 23. d5 b6 24. Nxh8 Rxh8 25. Bxb6 axb6 26. Qd6+
Ka7 27. Qe7+ Bb7 28. Qa3+ Kb8 29. Qd6+ Ka7 30. Qa3+ Kb8 31. Qd6+ Ka7 32. Qa3+
Kb8 1/2-1/2

[Event "Nordnorsk mesterskap i Tromsø 2026"]
[Site "Sparebanken Nordnorge festsal"]
[Date "2026.05.25"]
[Round "6"]
[White "Bakke, Oskar P."]
[Black "Mathisen, Pal S."]
[Result "1/2-1/2"]
[WhiteElo "1761"]
[BlackElo "1770"]
[PlyCount "98"]
[EventDate "2026.??.??"]

1. e4 c5 2. Nf3 Nc6 3. d4 cxd4 4. Nxd4 e5 5. Nb5 d6 6. N1c3 a6 7. Na3 Be7 8.
Nd5 Nf6 9. Be3 Nxd5 10. exd5 Qa5+ 11. c3 Nd8 12. Nc4 Qc7 13. Nb6 Rb8 14. Qh5
O-O 15. O-O-O f5 16. f4 g6 17. Qh3 Nf7 18. Nxc8 Qxc8 19. Be2 b5 20. Rd3 Bf6 21.
Kb1 b4 22. cxb4 e4 23. Rb3 Qd7 24. g4 Bg7 25. gxf5 Qxf5 26. Qxf5 gxf5 27. Bxa6
Ne5 28. fxe5 Bxe5 29. Bh6 Rf7 30. Be2 f4 31. Bg4 Kh8 32. Rf1 Rb5 33. a4 Rb8 34.
b5 Rf6 35. Rh3 Rg6 36. Bf5 Rg2 37. Bxe4 Rxb2+ 38. Kc1 Ra2 39. Bxf4 Ra1+ 40. Bb1
Rc8+ 41. Kd2 Bxf4+ 42. Rxf4 Rxb1 43. Rf7 Rb2+ 44. Kd1 Rb1+ 45. Ke2 Rb2+ 46. Kd1
Rb1+ 47. Kd2 Rb2+ 48. Kd1 Rb1+ 49. Ke2 Rb2+ 1/2-1/2

[Event "Nordnorsk mesterskap i Tromsø 2026"]
[Site "Sparebanken Nordnorge festsal"]
[Date "2026.05.25"]
[Round "6"]
[White "Olsen, Preben J."]
[Black "Nergard, Oscar J."]
[Result "1/2-1/2"]
[WhiteElo "1769"]
[BlackElo "1647"]
[PlyCount "85"]
[EventDate "2026.??.??"]

1. e4 e5 2. Nc3 Nc6 3. Bc4 Nf6 4. d3 Na5 5. Bb3 Bb4 6. Nge2 d6 7. O-O O-O 8.
Bg5 Nxb3 9. axb3 c6 10. h3 d5 11. exd5 cxd5 12. Bxf6 gxf6 13. Ng3 Kh8 14. Qh5
Be6 15. Nce2 Rg8 16. Kh1 b5 17. Qh4 Be7 18. Qh6 Rg5 19. f4 exf4 20. Rxf4 Rg6
21. Qh5 Bd6 22. Rf3 Qc7 23. Qh4 Qxc2 24. Nf4 Bxf4 25. Qxf4 Qxb2 26. Re1 Rc8 27.
Rf2 Qc3 28. Re3 Qc7 29. Qh4 Qc1+ 30. Nf1 Rcg8 31. Qd4 h6 32. Rxf6 Kh7 33. Qf4
Qb2 34. Rxg6 Rxg6 35. Rg3 Rxg3 36. Nxg3 Qxb3 37. Nf5 Bxf5 38. Qxf5+ Kg7 39.
Qe5+ Kg6 40. Qg3+ Kf5 41. Qf3+ Ke6 42. Qe3+ Kf5 43. Qf3+ 1/2-1/2

[Event "Nordnorsk mesterskap i Tromsø 2026"]
[Site "Sparebanken Nordnorge festsal"]
[Date "2026.05.25"]
[Round "6"]
[White "Wilhelmsen, Jim L."]
[Black "Granmo, Gisle J."]
[Result "1/2-1/2"]
[WhiteElo "1702"]
[BlackElo "1664"]
[PlyCount "127"]
[EventDate "2026.??.??"]

1. d4 d5 2. Nf3 Nf6 3. Bf4 e6 4. e3 c5 5. Nbd2 Qb6 6. Rb1 Nc6 7. c3 cxd4 8.
exd4 Be7 9. h3 Nh5 10. Bh2 Qd8 11. Bd3 Nf6 12. O-O O-O 13. Re1 Bd6 14. Bxd6
Qxd6 15. Ne5 h6 16. Re3 Nd7 17. Nxd7 Bxd7 18. Rg3 e5 19. dxe5 Nxe5 20. Nc4 Nxc4
21. Bxc4 Bf5 22. Bd3 Bxd3 23. Qxd3 Rfe8 24. Rd1 Rad8 25. Qd4 Qe5 26. Qxe5 Rxe5
27. Rgd3 Re2 28. R3d2 Rxd2 29. Rxd2 f5 30. Rd4 Kf7 31. Kf1 Ke6 32. Ke2 g5 33.
f3 f4 34. Rd2 Kd6 35. Kd3 a5 36. Re2 a4 37. Kd4 b5 38. Re5 Kc6 39. Re6+ Rd6 40.
Re8 Kd7 41. Ke5 Rc6 42. Kxd5 Rd6+ 43. Kc5 Rd2 44. Rh8 Rxb2 45. Rxh6 Rxa2 46.
Kxb5 a3 47. Kb4 Rxg2 48. Kxa3 Rf2 49. Rg6 Rxf3 50. Kb4 Rxh3 51. Rxg5 Ke6 52. c4
f3 53. Rg8 Rh7 54. Rg1 Ke5 55. c5 Kd4 56. Rd1+ Ke3 57. c6 f2 58. Rc1 Ke2 59.
Rc2+ Kf3 60. Rxf2+ Kxf2 61. Kc5 Ke3 62. Kd6 Rh6+ 63. Kd7 Rxc6 64. Kxc6 1/2-1/2

[Event "Nordnorsk mesterskap i Tromsø 2026"]
[Site "Sparebanken Nordnorge festsal"]
[Date "2026.05.25"]
[Round "6"]
[White "Mikkelsen, Sigve A."]
[Black "Hansen, Ola"]
[Result "1/2-1/2"]
[WhiteElo "1699"]
[BlackElo "1667"]
[PlyCount "48"]
[EventDate "2026.??.??"]

1. e4 d6 2. d4 Nf6 3. Nc3 e5 4. Nf3 exd4 5. Nxd4 Be7 6. Bf4 O-O 7. Qd2 Re8 8.
O-O-O a6 9. f3 d5 10. exd5 Nxd5 11. Nxd5 Qxd5 12. Kb1 c5 13. Ne2 Qxd2 14. Rxd2
Nc6 15. Nc3 Be6 16. Bd3 b5 17. Be4 Rac8 18. Nd5 Bd8 19. Ne3 g6 20. Rhd1 Ba5 21.
Bxc6 Rxc6 22. c3 Bc7 23. Bxc7 Rxc7 24. Nd5 Bxd5 1/2-1/2

[Event "Nordnorsk mesterskap i Tromsø 2026"]
[Site "Sparebanken Nordnorge festsal"]
[Date "2026.05.25"]
[Round "6"]
[White "Melå, Ronny S."]
[Black "Næss, Kristine S."]
[Result "1/2-1/2"]
[WhiteElo "1673"]
[BlackElo "1676"]
[PlyCount "52"]
[EventDate "2026.??.??"]

1. d4 d6 2. c4 Nf6 3. Nc3 c6 4. e4 Qa5 5. Qc2 e5 6. d5 Bg4 7. Be2 Bxe2 8. Ngxe2
g6 9. f4 Nbd7 10. Be3 Bg7 11. O-O Ng4 12. Bf2 Nxf2 13. Rxf2 exf4 14. Qb3 Nc5
15. Qc2 Qb6 16. Kf1 O-O 17. Nxf4 Rae8 18. Re1 Qa6 19. b3 Bxc3 20. Qxc3 Nxe4 21.
Rxe4 Rxe4 22. Qf6 Qa3 23. g3 Qc1+ 24. Kg2 Qe1 25. Nh5 gxh5 26. Qg5+ Kh8 1/2-1/2